| 000 | 00471nam a2200181Ia 4500 | ||
|---|---|---|---|
| 008 | 180207s9999 xx 000 0 und d | ||
| 020 | _a9780153022258 | ||
| 050 | _bC678 1985 | ||
| 100 | _aCohen, Barbara | ||
| 245 | 4 | _aThe secret grove / | |
| 245 | _cby Barbara Cohen ; illustrated by Michael J. Deraney. | ||
| 260 | _aOrlando : | ||
| 260 | _bHarcourt Brace & Company, | ||
| 260 | _c1985 | ||
| 300 | _aunpaged : | ||
| 300 | _billustrations ; | ||
| 300 | _c23cm. | ||
| 999 |
_c355599 _d355599 |
||